header

Volcano And Earthquake (Record no. 261603)

MARC details
000 -LEADER
fixed length control field 00244nam a22001097a 4500
020 ## - INTERNATIONAL STANDARD BOOK NUMBER
ISBN 9780756637804
100 ## - MAIN ENTRY--AUTHOR NAME
Personal name Susanna Van Rose
245 ## - TITLE STATEMENT
Title Volcano And Earthquake
260 ## - PUBLICATION, DISTRIBUTION, ETC. (IMPRINT)
Place of publication U.S.A
Name of publisher DK Publishing
Year of publication 2008
300 ## - PHYSICAL DESCRIPTION
Number of Pages 72 pgs
942 ## - ADDED ENTRY ELEMENTS (KOHA)
Koha item type Long Loan Books
Holdings
Withdrawn status Lost status Collection code Home library Current library Shelving location Date acquired Accession Number Koha item type
    Non-fiction Rongo University Library Rongo University Library Children's Area 16/11/2023 CL20222847 Long Loan Books

© 2026 Rongo University
Contact us: librarian | system librarian | Rongo university